Cagliari Biggest Transfers - Statistics

General Stats
  • This quiz has been taken 24 times
  • The average score is 61 of 154
Answer Stats
% Correct
Incomings Uruguay CM Nahitan Nandez 19/20 Boca Juniors
91%
Incomings Romania CM Razvan Marin 21/22 Ajax
91%
Outgoings Romania CM Razvan Marin 22/23 Empoli
91%
Incomings Belgium CM Radja Nainggolan 09/10 Piacenza
87%
Outgoings Belgium CM Radja Nainggolan 14/15 Roma
87%
Outgoings Belgium CM Radja Nainggolan 13/14 Roma
87%
Incomings Italy ST Leonardo Pavoletti 17/18 Napoli
83%
Incomings Croatia CM Marko Rog 20/21 Napoli
83%
Incomings Croatia CM Marko Rog 19/20 Napoli
83%
Incomings Argentina ST Giovanni Simeone 20/21 Fiorentina
78%
Incomings Argentina ST Giovanni Simeone 19/20 Fiorentina
78%
Outgoings Argentina ST Giovanni Simeone 22/23 Hellas Verona
78%
Outgoings Argentina ST Giovanni Simeone 21/22 Hellas Verona
78%
Outgoings Italy CM Nicolo Barella 20/21 Inter Milan
78%
Outgoings Italy CM Nicolo Barella 19/20 Inter Milan
78%
Outgoings Honduras ST David Suazo 07/08 Inter Milan
74%
Incomings Italy GK Guglielmo Vicario 19/20 Venezia
70%
Outgoings Italy GK Guglielmo Vicario 22/23 Empoli
70%
Incomings Italy ST Alessandro Matri 07/08 Milan
65%
Outgoings Italy ST Alessandro Matri 11/12 Juventus
65%
Outgoings Italy ST Alessandro Matri 10/11 Juventus
65%
Incomings Italy GK Alessio Cragno 14/15 Brescia
65%
Outgoings Italy GK Alessio Cragno 23/24 Monza
65%
Incomings Italy ST Joao Pedro 14/15 Estoril Praia
65%
Outgoings Italy ST Joao Pedro 22/23 Fenerbahce
65%
Incomings Moldova CM Artur Ionita 16/17 Hellas Verona
61%
Outgoings Moldova CM Artur Ionita 20/21 Benevento
61%
Incomings Chile RB Mauricio Isla 16/17 Juventus
61%
Incomings Sweden DM Albin Ekdal 11/12 Juventus
57%
Outgoings Sweden DM Albin Ekdal 15/16 Hamburg
57%
Incomings Peru ST Gianluca Lapadula 22/23 Benevento
57%
Incomings Ghana DM Ibrahim Sulemana 23/24 Hellas Verona
57%
Incomings Bulgaria RW Kiril Despodov 18/19 CSKA Sofia
57%
Outgoings Bulgaria RW Kiril Despodov 21/22 Ludogorets Razgrad
57%
Incomings Chile ST Mauricio Pinilla 12/13 Palermo
57%
Outgoings Chile ST Mauricio Pinilla 14/15 Genoa
57%
Incomings Estonia CB Ragnar Klavan 18/19 Liverpool
57%
Incomings Italy GK Simone Scuffet 23/24 CFR Cluj
57%
Incomings Colombia SS Victor Ibarbo 11/12 Atletico Nacional
57%
Outgoings Colombia SS Victor Ibarbo 15/16 Roma
57%
Outgoings Colombia SS Victor Ibarbo 14/15 Roma
57%
Incomings Uzbekistan ST Eldor Shomurodov 23/24 Roma
52%
Incomings Italy RB Gabriele Zappa 21/22 Pescara
52%
Outgoings North Korea ST Han Kwang-song 19/20 Juventus
52%
Incomings Italy DM Matteo Prati 23/24 SPAL
52%
Incomings Poland CB Sebastian Walukiewicz 18/19 Pogon Szczecin
52%
Outgoings Poland CB Sebastian Walukiewicz 23/24 Empoli
52%
Incomings Italy LB Tommaso Augello 23/24 Sampdoria
52%
Incomings Congo DM Antoine Makoumbou 22/23 Maribor
48%
Incomings Italy GK Federico Marchetti 08/09 AlbinoLeffe
48%
Outgoings Italy GK Federico Marchetti 11/12 Lazio
48%
Incomings Uruguay AM Gaston Pereiro 19/20 PSV
48%
Incomings Netherlands RB Gregory van der Wiel 17/18 Fenerbahce
48%
Outgoings Netherlands RB Gregory van der Wiel 17/18 Toronto
48%
Incomings Poland CB Mateusz Wieteska 23/24 Clermont Foot
48%
Outgoings Italy LB Nicola Murru 17/18 Sampdoria
48%
Outgoings Italy RM Raoul Bellanova 23/24 Torino
48%
Outgoings Italy RM Raoul Bellanova 22/23 Inter Milan
48%
Incomings Italy ST Alberto Cerri 19/20 Juventus
43%
Incomings Italy ST Alberto Cerri 18/19 Juventus
43%
Incomings Italy ST Alberto Cerri 15/16 Juventus
43%
Outgoings Italy ST Alberto Cerri 23/24 Como
43%
Incomings Ghana CM Alfred Duncan 20/21 Fiorentina
43%
Incomings Italy CB Davide Astori 08/09 Milan
43%
Outgoings Italy CB Davide Astori 16/17 Fiorentina
43%
Outgoings Italy CB Davide Astori 14/15 Roma
43%
Outgoings Italy CB Davide Astori 15/16 Fiorentina
43%
Outgoings Italy ST Marco Borriello 17/18 SPAL
43%
Incomings Poland CB Bartosz Salamon 15/16 Sampdoria
39%
Outgoings Poland CB Bartosz Salamon 18/19 SPAL
39%
Incomings Ghana CM Godfred Donsah 14/15 Hellas Verona
39%
Outgoings Ghana CM Godfred Donsah 16/17 Bologna
39%
Outgoings Ghana CM Godfred Donsah 15/16 Bologna
39%
Incomings Argentina AM Lucas Castro 18/19 Chievo Verona
39%
Outgoings Argentina AM Lucas Castro 20/21 SPAL
39%
Incomings Greece CB Pantelis Hatzidiakos 23/24 AZ Alkmaar
39%
Incomings Brazil LB Paulo Azzi 22/23 Modena
39%
Incomings Italy RB Alessandro Di Pardo 23/24 Juventus
35%
Outgoings Italy CB Andrea Carboni 22/23 Monza
35%
Incomings Brazil LW Diego Farias 15/16 Chievo Verona
35%
Outgoings Brazil LW Diego Farias 18/19 Empoli
35%
Outgoings Brazil LW Diego Farias 19/20 Lecce
35%
Incomings Uruguay DM Christian Oliva 19/20 Nacional
30%
Incomings Italy CM Daniele Dessena 09/10 Sampdoria
30%
Incomings Italy CM Daniele Dessena 12/13 Sampdoria
30%
Outgoings Italy CM Daniele Dessena 10/11 Sampdoria
30%
Incomings Brazil LB Danilo Avelar 13/14 Karpaty Lviv
30%
Outgoings Brazil LB Danilo Avelar 15/16 Torino
30%
Incomings Croatia ST Duje Cop 15/16 Dinamo Zagreb
30%
Incomings Croatia ST Duje Cop 14/15 Dinamo Zagreb
30%
Outgoings Croatia ST Duje Cop 17/18 Standard Liege
30%
Incomings Croatia DM Filip Bradaric 18/19 HNK Rijeka
30%
Outgoings Croatia DM Filip Bradaric 21/22 Al-Ahli
30%
Incomings Brazil SS Jeda 07/08 Rimini
30%
Outgoings Brazil SS Jeda 10/11 Lecce
30%
Incomings Belgium ST Luis Oliveira 92/93 Anderlecht
30%
Outgoings Belgium ST Luis Oliveira 96/97 Fiorentina
30%
Incomings Slovenia ST Nik Prelec 22/23 WSG Tirol
30%
Incomings Brazil LW Thiago Ribeiro 12/13 Rentistas
30%
Incomings Brazil LW Thiago Ribeiro 11/12 Rentistas
30%
Outgoings Brazil LW Thiago Ribeiro 13/14 Santos
30%
Incomings Switzerland RM Antonio Esposito 00/01 Grasshoppers
26%
Incomings Italy CB Filippo Romagna 17/18 Juventus
26%
Outgoings Italy CB Filippo Romagna 20/21 Sassuolo
26%
Incomings Italy DM Luca Cigarini 17/18 Sampdoria
26%
Incomings Italy CB Luca Rossettini 12/13 Siena
26%
Outgoings Italy CB Luca Rossettini 15/16 Bologna
26%
Incomings Italy CB Matteo Lovato 21/22 Atalanta
26%
Incomings France LW Matteo Tramoni 20/21 Ajaccio
26%
Outgoings France LW Matteo Tramoni 22/23 Pisa
26%
Outgoings Italy RW Mauro Esposito 07/08 Roma
26%
Incomings Brazil ST Nene 09/10 Nacional
26%
Incomings Cameroon ST Patrick Mboma 98/99 Gamba Osaka
26%
Outgoings Cameroon ST Patrick Mboma 00/01 Parma
26%
Outgoings Italy ST Roberto Muzzi 99/00 Udinese
26%
Incomings Belgium CB Senna Miangue 17/18 Inter Milan
26%
Incomings Italy LB Alessandro Tripaldelli 20/21 Sassuolo
22%
Incomings Italy ST Federico Melchiorri 15/16 Pescara
22%
Outgoings Italy RB Giuseppe Pancaro 97/98 Lazio
22%
Incomings Italy CB Michele Canini 05/06 Atalanta
22%
Outgoings Italy CB Michele Canini 12/13 Genoa
22%
Incomings Italy ST Niccolo Giannetti 15/16 Spezia
22%
Incomings Colombia ST Damir Ceter 17/18 Quindio
17%
Outgoings Italy CB Dario Del Fabro 17/18 Juventus
17%
Incomings Italy CM Fabrizio Caligara 17/18 Juventus
17%
Outgoings France CB Jonathan Zebina 00/01 Roma
17%
Incomings Czech Republic CM Josef Husbauer 14/15 Sparta Prague
17%
Incomings Slovenia CB Luka Krajnc 15/16 Genoa
17%
Outgoings Slovenia CB Luka Krajnc 18/19 Frosinone
17%
Incomings DR Congo AM Paul-Jose Mpoku 14/15 Standard Liege
17%
Incomings Sweden DM Sebastian Eriksson 12/13 Goteborg
17%
Incomings Italy CM Andrea Lazzari 08/09 Atalanta
13%
Outgoings Italy CM Andrea Lazzari 11/12 Fiorentina
13%
Incomings Colombia CM Andres Tello 15/16 Juventus
13%
Incomings Brazil RW Caio Rangel 14/15 Flamengo
13%
Incomings Italy CB Lorenzo Ariaudo 10/11 Juventus
13%
Incomings Italy CB Luca Ceppitelli 14/15 Parma
13%
Outgoings Italy DM Marco Fossati 16/17 Hellas Verona
13%
Incomings Uruguay AM Matias Cabrera 12/13 Nacional
13%
Incomings Italy CM Paolo Farago 17/18 Novara
13%
Incomings Italy AM Pasquale Foggia 07/08 Lazio
13%
Incomings Italy GK Simone Colombi 14/15 Atalanta
13%
Incomings Italy ST Alessandro Capello 14/15 Bologna
9%
Incomings Italy DM Andrea Parola 07/08 Sampdoria
9%
Incomings Argentina CB Carlos Matheu 08/09 Independiente
9%
Outgoings Argentina CB Carlos Matheu 09/10 Independiente
9%
Incomings Italy CB Lino Marzorati 09/10 Empoli
9%
Incomings Italy CM Massimiliano Allegri 93/94 Pescara
9%
Outgoings Italy LB Massimo Gobbi 05/06 Treviso
9%
Incomings Uruguay AM Pablo Ceppelini 10/11 Penarol
9%
Incomings Italy CB Paolo Bianco 07/08 Catania
9%
Incomings Italy CM Simone Barone 09/10 Torino
9%
Incomings Italy CB Simone Benedetti 14/15 Inter Milan
9%
Outgoings Italy LB Stefano Bettarini 97/98 Fiorentina
9%
No matching quizzes found
Score Distribution
Percent of People with Each Score
Percentile by Number Answered
Your Score History
You have not taken this quiz